[Event "GRE-chT 45th"]
[Site "Achaia"]
[Date "2017.07.08"]
[Round "7.12"]
[White "Tsolaki, Eleni"]
[Black "Lagogianni, Niki Vasiliki"]
[Result "1-0"]
[WhiteElo "1729"]
[BlackElo "1105"]
[PlyCount "89"]
[EventDate "2017.07.03"]
[EventType "team-swiss"]
[EventRounds "7"]
[EventCountry "GRE"]
[SourceTitle "CBM 179 Extra"]
[Source "ChessBase"]
[SourceDate "2017.08.23"]
[SourceVersion "1"]
[SourceVersionDate "2017.08.23"]
[SourceQuality "1"]
[WhiteTeam "Orekastro Marion Thunder"]
[BlackTeam "Moudanion"]
[WhiteTeamCountry "GRE"]
[BlackTeamCountry "GRE"]

1. e4 c6 2. d4 d5 3. Nc3 dxe4 4. Nxe4 Bf5 5. Ng3 Bg6 6. h4 h6 7. Nf3 Nd7 8. h5 Bh7 9. Bd3 Bxd3 10. Qxd3 Ngf6 11. Bd2 e6 12. Ne4 Nxe4 13. Qxe4 Nf6 14. Qe2 Bd6 15. 0-0-0 Qb6 16. c4 Qa6 17. Kb1 Nd5 18. Qf1 Nf6 19. Ne5 Bxe5 20. dxe5 Nd7 21. Bc3 0-0-0 22. Rh4 Nb6 23. Rxd8+ Rxd8 24. b3 Nd5 25. Bd2 Ne7 26. Qe1 b6 27. Rf4 Rf8 28. Qe4 g6 29. hxg6 Nxg6 30. Qxc6+ Kb8 31. Bb4 Qb7 32. Bd6+ Ka8 33. Qxb7+ Kxb7 34. Rf6 Rg8 35. Rxf7+ Ka8 36. Rf6 Nxe5 37. Bxe5 Rxg2 38. f4 h5 39. Rxe6 Rf2 40. Rh6 Rf1+ 41. Kb2 Rh1 42. f5 Kb7 43. f6 Ka6 44. f7 Rf1 45. Rf6 1-0

[Event "GRE-chT 42nd"]
[Site "Porto Rio"]
[Date "2014.07.03"]
[Round "7.6"]
[White "Tsouba, Adamantia"]
[Black "Tsolaki, Eleni"]
[Result "0-1"]
[WhiteElo "1503"]
[BlackElo "1642"]
[PlyCount "94"]
[EventDate "2014.06.28"]
[EventType "team-swiss"]
[EventRounds "7"]
[EventCountry "GRE"]
[SourceTitle "CBM 161 Extra"]
[Source "ChessBase"]
[SourceDate "2014.08.29"]
[SourceVersion "1"]
[SourceVersionDate "2014.08.29"]
[SourceQuality "1"]
[WhiteTeam "Panionios GS"]
[BlackTeam "Mapou Thunder"]
[WhiteTeamCountry "GRE"]
[BlackTeamCountry "GRE"]

1. e4 c5 2. Nf3 e6 3. d4 cxd4 4. Nxd4 Nf6 5. Nc3 d6 6. Be3 a6 7. h3 b5 8. a3 Nbd7 9. Nb3 Bb7 10. Bd3 Rc8 11. 0-0 Ne5 12. Qe2 Nc4 13. Bxc4 Rxc4 14. Nd2 Rc8 15. Rac1 d5 16. exd5 Nxd5 17. Nxd5 Qxd5 18. f3 Bc5 19. c3 Qe5 20. Rfe1 Qxe3+ 21. Qxe3 Bxe3+ 22. Rxe3 Ke7 23. Ree1 Rhd8 24. Rcd1 Rd5 25. Kf2 Rcd8 26. Ke2 Re5+ 27. Kf2 Rxe1 28. Kxe1 e5 29. Nf1 Rxd1+ 30. Kxd1 Ke6 31. Nd2 f5 32. Ke2 Bd5 33. b3 h5 34. h4 a5 35. c4 bxc4 36. bxc4 Bc6 37. g3 Ba4 38. Kd3 Bd1 39. Ke3 Kd6 40. Kf2 Kc5 41. Ke3 Bc2 42. Ke2 Kd4 43. Kf2 a4 44. Ke1 Bb3 45. Ke2 Bxc4+ 46. Kd1 Bd3 47. Kc1 Kc3 0-1

[Event "GRE-chT 42nd"]
[Site "Porto Rio"]
[Date "2014.06.28"]
[Round "1.6"]
[White "Gliagia, Stergiani"]
[Black "Tsolaki, Eleni"]
[Result "0-1"]
[WhiteElo "1381"]
[BlackElo "1642"]
[PlyCount "56"]
[EventDate "2014.06.28"]
[EventType "team-swiss"]
[EventRounds "7"]
[EventCountry "GRE"]
[SourceTitle "CBM 161 Extra"]
[Source "ChessBase"]
[SourceDate "2014.08.29"]
[SourceVersion "1"]
[SourceVersionDate "2014.08.29"]
[SourceQuality "1"]
[WhiteTeam "Ptolemaida Ptolemaios"]
[BlackTeam "Mapou Thunder"]
[WhiteTeamCountry "GRE"]
[BlackTeamCountry "GRE"]

1. e4 c5 2. Nf3 e6 3. d4 cxd4 4. Nxd4 Nf6 5. Nc3 d6 6. Bc4 a6 7. Be3 b5 8. Bb3 b4 9. Na4 Nxe4 10. Qd3 Nc5 11. Nxc5 dxc5 12. Qe4 Ra7 13. Ba4+ Bd7 14. Bxd7+ Qxd7 15. Nb3 Qb7 16. Qxb7 Rxb7 17. Bxc5 Bxc5 18. Nxc5 Rc7 19. Nd3 Rxc2 20. b3 Nc6 21. Kd1 Nd4 22. Rf1 a5 23. h3 Ke7 24. g3 Rd8 25. Rc1 Rxa2 26. Rc7+ Kf6 27. Ke1 Nf3+ 28. Kd1 Rxd3+ 0-1

[Event "GRE-ch U16 Girls"]
[Site "Patras"]
[Date "2013.07.14"]
[Round "7.7"]
[White "Tsolaki, Eleni"]
[Black "Pramateftaki, Aspasia"]
[Result "1-0"]
[WhiteElo "1715"]
[BlackElo "1382"]
[PlyCount "101"]
[EventDate "2013.07.08"]
[EventType "swiss"]
[EventRounds "9"]
[EventCountry "GRE"]
[SourceTitle "EXT 2024"]
[Source "ChessBase"]
[SourceDate "2023.10.10"]
[SourceVersion "1"]
[SourceVersionDate "2023.10.10"]
[SourceQuality "1"]

1. e4 c5 2. Nf3 Nc6 3. d4 cxd4 4. Nxd4 g6 5. c4 Bg7 6. Be3 Nf6 7. Nc3 0-0 8. Be2 d6 9. 0-0 Bd7 10. Qd2 Rc8 11. f3 a6 12. Rac1 Ne5 13. b3 Nc6 14. Nd5 Nxd5 15. exd5 Nxd4 16. Bxd4 Bf5 17. Rfe1 Qd7 18. Bxg7 Kxg7 19. g4 Kg8 20. gxf5 Qxf5 21. Qd4 b5 22. Qg4 Qe5 23. Bd3 Qb2 24. Rc2 Qf6 25. Rce2 Rfe8 26. cxb5 axb5 27. Bxb5 Rf8 28. Rxe7 Rc1 29. R7e2 Rxe1+ 30. Rxe1 h5 31. Qe4 Qg5+ 32. Kf2 Ra8 33. a4 Rc8 34. Bc4 Kf8 35. Qd4 Kg8 36. a5 Kh7 37. a6 Kg8 38. a7 Kh7 39. Ra1 Ra8 40. b4 Qf5 41. Qe4 Qg5 42. Ra2 Qf6 43. b5 Qd8 44. Qd4 Qc8 45. Kg2 Qd8 46. b6 Qc8 47. Ba6 Qd8 48. Bb7 Qg5+ 49. Kf2 Re8 50. a8Q Rxa8 51. Rxa8 1-0

[Event "GRE-ch U16 Girls"]
[Site "Patras"]
[Date "2013.07.09"]
[Round "2.4"]
[White "Rompaki, Maria"]
[Black "Tsolaki, Eleni"]
[Result "0-1"]
[WhiteElo "1226"]
[BlackElo "1715"]
[PlyCount "42"]
[EventDate "2013.07.08"]
[EventType "swiss"]
[EventRounds "9"]
[EventCountry "GRE"]
[SourceTitle "EXT 2024"]
[Source "ChessBase"]
[SourceDate "2023.10.10"]
[SourceVersion "1"]
[SourceVersionDate "2023.10.10"]
[SourceQuality "1"]

1. d4 Nf6 2. Nf3 e6 3. Bf4 b6 4. e3 Bb7 5. Bd3 c5 6. c3 Nh5 7. Bg3 Be7 8. Nbd2 Nc6 9. 0-0 Nxg3 10. hxg3 d5 11. Kh2 h5 12. Rh1 g5 13. Kg1 g4 14. Nh2 Kd7 15. Kf1 Bg5 16. Ke2 cxd4 17. exd4 e5 18. dxe5 Nxe5 19. Bf5+ Kc7 20. Qf1 Ba6+ 21. c4 dxc4 0-1

[Event "GRE-ch U16 Girls"]
[Site "Patras"]
[Date "2013.07.08"]
[Round "1.2"]
[White "Tsolaki, Eleni"]
[Black "Poulopoulou, Ekaterini"]
[Result "1/2-1/2"]
[WhiteElo "1715"]
[BlackElo "1485"]
[PlyCount "76"]
[EventDate "2013.07.08"]
[EventType "swiss"]
[EventRounds "9"]
[EventCountry "GRE"]
[SourceTitle "EXT 2024"]
[Source "ChessBase"]
[SourceDate "2023.10.10"]
[SourceVersion "1"]
[SourceVersionDate "2023.10.10"]
[SourceQuality "1"]

1. e4 c5 2. Nf3 d6 3. d4 cxd4 4. Nxd4 Nf6 5. Nc3 g6 6. Be3 Bg7 7. f3 0-0 8. Bc4 Nc6 9. Qd2 Bd7 10. 0-0-0 Rc8 11. Bb3 Nxd4 12. Bxd4 b5 13. a3 a5 14. Bxf6 Bxf6 15. Nd5 Bg7 16. Qg5 Rc5 17. Rd3 e6 18. Qxd8 Rxd8 19. Nc3 b4 20. Na4 Bxa4 21. Bxa4 bxa3 22. Rxa3 Rb8 23. Rb3 Rxb3 24. Bxb3 Rb5 25. Rd1 Rb6 26. Rd3 Kf8 27. Kb1 a4 28. Bxa4 Bxb2 29. Rb3 Bd4 30. Ka2 Ke7 31. Rxb6 Bxb6 32. Bc6 f6 33. Kb3 g5 34. g4 h6 35. Kc4 e5 36. Kb5 Bg1 37. h3 Bc5 38. Ka6 Be3 1/2-1/2

[Event "GRE-chT 41st"]
[Site "Achaia"]
[Date "2013.07.04"]
[Round "4.6"]
[White "Tsolaki, Eleni"]
[Black "Sfetsou, Christina"]
[Result "0-1"]
[WhiteElo "1715"]
[BlackElo "1243"]
[PlyCount "88"]
[EventDate "2013.07.02"]
[EventType "team-swiss"]
[EventRounds "7"]
[EventCountry "GRE"]
[SourceTitle "CBM 155 Extra"]
[Source "ChessBase"]
[SourceDate "2013.08.26"]
[SourceVersion "1"]
[SourceVersionDate "2013.08.26"]
[SourceQuality "1"]
[WhiteTeam "Marion Thunder Oreokastrou"]
[BlackTeam "Patron CN"]
[WhiteTeamCountry "GRE"]
[BlackTeamCountry "GRE"]

1. e4 c5 2. Nf3 d6 3. d4 cxd4 4. Nxd4 Nf6 5. Nc3 a6 6. Bg5 e6 7. f4 Be7 8. Qf3 Qc7 9. 0-0-0 Nbd7 10. Bd3 b5 11. Rhe1 Bb7 12. Qg3 e5 13. Nf5 g6 14. Nxe7 Kxe7 15. fxe5 dxe5 16. Nd5+ Bxd5 17. exd5 Qd6 18. Bxf6+ Kxf6 19. Re2 Rae8 20. h4 Kg7 21. Rf2 Rhf8 22. h5 Nf6 23. Qh4 Nxh5 24. g4 Nf4 25. Rh2 Rh8 26. Qh6+ Kf6 27. Be4 Ke7 28. Re1 Kd7 29. Qg7 Qe7 30. Rxh7 Rxh7 31. Qxh7 Rf8 32. Qh6 Rc8 33. Re3 Qc5 34. Re1 Qd4 35. Qh7 Ke7 36. Qh4+ Kd7 37. Qf6 Rf8 38. Qc6+ Ke7 39. Qc7+ Kf6 40. d6 Qf2 41. Qe7+ Kg7 42. Rd1 Qe3+ 43. Rd2 Qe1+ 44. Rd1 Ne2+ 0-1

[Event "GRE-chT 40th"]
[Site "Achaia"]
[Date "2012.06.30"]
[Round "1.8"]
[White "Tsolaki, Eleni"]
[Black "Avramidou, Anastasia"]
[Result "0-1"]
[WhiteElo "1735"]
[BlackElo "1780"]
[PlyCount "132"]
[EventDate "2012.06.30"]
[EventType "team-swiss"]
[EventRounds "7"]
[EventCountry "GRE"]
[SourceTitle "CBM 149 Extra"]
[Source "ChessBase"]
[SourceDate "2012.08.24"]
[SourceVersion "1"]
[SourceVersionDate "2012.08.24"]
[SourceQuality "1"]
[WhiteTeam "Orekastrou"]
[BlackTeam "Polichnis"]
[WhiteTeamCountry "GRE"]
[BlackTeamCountry "GRE"]

1. e4 c5 2. Nf3 Nc6 3. d4 cxd4 4. Nxd4 e6 5. Nc3 Bc5 6. Nb3 Bb4 7. Bd3 Nf6 8. Bg5 0-0 9. 0-0 d6 10. f4 Bxc3 11. bxc3 e5 12. fxe5 Qb6+ 13. Kh1 Ng4 14. Qe1 Ngxe5 15. Be3 Qc7 16. Nd4 a6 17. Qg3 Kh8 18. Nf5 Bxf5 19. exf5 f6 20. Rf4 Ne7 21. c4 b5 22. Rh4 Nxd3 23. Qh3 h6 24. cxd3 Ng8 25. Rc1 Rac8 26. Bf4 Qe7 27. Qg3 Rfd8 28. Re1 Qf7 29. Qg6 Qxg6 30. fxg6 bxc4 31. dxc4 Rxc4 32. Bg3 d5 33. Rxc4 dxc4 34. Kg1 c3 35. Rc1 Rc8 36. Bd6 c2 37. Kf2 Rd8 38. Bb4 Rd4 39. Bc5 Rg4 40. Rxc2 Rxg6 41. Bb4 Kh7 42. Rc6 f5 43. Rxg6 Kxg6 44. Ke3 Nf6 45. Kd4 Kh5 46. Ke5 Kg6 47. Kd4 h5 48. Kc5 Ng4 49. Kb6 Nxh2 50. Kxa6 Ng4 51. a4 Ne3 52. Kb5 Nxg2 53. a5 h4 54. a6 h3 55. Bd6 f4 56. Bxf4 Nxf4 57. a7 Nd5 58. Kc6 h2 59. a8Q h1Q 60. Qe8+ Kh7 61. Kd6 Nf6 62. Qe3 Qd1+ 63. Kc6 Qd5+ 64. Kb6 Qf5 65. Qg1 Nd5+ 66. Ka6 Qg6+ 0-1

[Event "GRE-ch U14 Girls"]
[Site "Rio Achaia"]
[Date "2012.06.28"]
[Round "6.2"]
[White "Kafetzi, Angeliki"]
[Black "Tsolaki, Eleni"]
[Result "1-0"]
[WhiteElo "1667"]
[BlackElo "1735"]
[PlyCount "71"]
[EventDate "2012.06.24"]
[EventType "swiss"]
[EventRounds "7"]
[EventCountry "GRE"]
[SourceTitle "EXT 2024"]
[Source "ChessBase"]
[SourceDate "2023.10.10"]
[SourceVersion "1"]
[SourceVersionDate "2023.10.10"]
[SourceQuality "1"]

1. e4 c5 2. Nf3 e6 3. d4 cxd4 4. Nxd4 Nf6 5. Nc3 d6 6. g4 h6 7. h3 a6 8. Bg2 Nbd7 9. f4 e5 10. Nf5 Nc5 11. fxe5 dxe5 12. Qxd8+ Kxd8 13. Be3 Bxf5 14. exf5 Kc7 15. 0-0-0 Bd6 16. Rxd6 Kxd6 17. Rd1+ Kc7 18. Bxc5 Rad8 19. Nd5+ Nxd5 20. Bxd5 Rd7 21. Be4 Rxd1+ 22. Kxd1 f6 23. Ke2 Rd8 24. c3 Rd7 25. h4 Rd8 26. Be3 b6 27. a4 a5 28. b4 Rb8 29. b5 Rc8 30. c4 Kb8 31. Bc6 Kc7 32. c5 bxc5 33. Bxc5 Rd8 34. Be4 Kb8 35. b6 Rd7 36. Kf3 1-0

[Event "GRE-ch U14 Girls"]
[Site "Eretria"]
[Date "2011.06.30"]
[Round "8.4"]
[White "Fragkou, Maria"]
[Black "Tsolaki, Eleni"]
[Result "0-1"]
[WhiteElo "1491"]
[BlackElo "1732"]
[PlyCount "90"]
[EventDate "2011.06.25"]
[EventType "swiss"]
[EventRounds "9"]
[EventCountry "GRE"]
[SourceTitle "EXT 2024"]
[Source "ChessBase"]
[SourceDate "2023.10.10"]
[SourceVersion "1"]
[SourceVersionDate "2023.10.10"]
[SourceQuality "1"]

1. e4 c5 2. Nf3 e6 3. d4 cxd4 4. Nxd4 Nf6 5. Nc3 d6 6. Be2 a6 7. 0-0 Be7 8. Kh1 0-0 9. f4 Nc6 10. Bf3 Qc7 11. Nxc6 bxc6 12. Qe1 d5 13. e5 Nd7 14. Bg4 Re8 15. Rf3 c5 16. Rh3 Bb7 17. Bd2 Rab8 18. b3 Ba8 19. Ne2 Nb6 20. Ng1 d4 21. Nf3 Nd7 22. Qg3 Kh8 23. Re1 Nf8 24. f5 exf5 25. Bxf5 g6 26. Ng5 Bd5 27. e6 Qxg3 28. Nxf7+ Kg7 29. Rxg3 Bh4 30. Bf4 Bxg3 31. hxg3 gxf5 32. Be5+ Kg6 33. Nh8+ Kh5 34. Bxb8 Rxb8 35. e7 Be4 36. Nf7 Ng6 37. Nd6 Nxe7 38. Nxe4 fxe4 39. Rxe4 Ng6 40. Re6 Rf8 41. Kg1 Kg4 42. Rxa6 Kxg3 43. Ra5 Nf4 44. Kf1 Nxg2+ 45. Ke2 Rf2+ 0-1

[Event "GRE-ch U14 Girls"]
[Site "Eretria"]
[Date "2011.06.29"]
[Round "7.5"]
[White "Tsolaki, Eleni"]
[Black "Peskelidou, Emanouela"]
[Result "1/2-1/2"]
[WhiteElo "1732"]
[BlackElo "1630"]
[PlyCount "98"]
[EventDate "2011.06.25"]
[EventType "swiss"]
[EventRounds "9"]
[EventCountry "GRE"]
[SourceTitle "EXT 2024"]
[Source "ChessBase"]
[SourceDate "2023.10.10"]
[SourceVersion "1"]
[SourceVersionDate "2023.10.10"]
[SourceQuality "1"]

1. e4 e5 2. Nf3 Nc6 3. Bb5 a6 4. Ba4 d6 5. d4 b5 6. Bb3 exd4 7. Nxd4 Nxd4 8. Qxd4 c5 9. Qc3 c4 10. Bxc4 bxc4 11. Qxc4 Nf6 12. Bg5 Be7 13. Nc3 0-0 14. 0-0-0 Be6 15. Qa4 Qc7 16. f4 Rfb8 17. Rhe1 a5 18. Qd4 Rb4 19. Qd2 Bg4 20. Bxf6 Bxf6 21. Qxd6 Qb7 22. Rd3 Rxb2 23. e5 Be7 24. Qd4 Rb8 25. Nd5 Bf8 26. Rb3 Rxb3 27. axb3 Be6 28. Rd1 Bxd5 29. Qxd5 Qxd5 30. Rxd5 Bb4 31. Kb2 Rc8 32. c4 Kf8 33. Rb5 Ke7 34. f5 Rc7 35. Rb6 Rd7 36. Kc1 Rc7 37. Kb2 g6 38. g4 Be1 39. e6 Bb4 40. exf7 Kxf7 41. fxg6+ hxg6 42. h4 Re7 43. h5 gxh5 44. gxh5 Kg7 45. Rg6+ Kh7 46. Rg2 Re5 47. Rh2 Kh6 48. Kc2 Re1 49. Kb2 Re5 1/2-1/2

[Event "GRE-ch U14 Girls"]
[Site "Eretria"]
[Date "2011.06.28"]
[Round "6.2"]
[White "Serefidou, Despina"]
[Black "Tsolaki, Eleni"]
[Result "1-0"]
[WhiteElo "1704"]
[BlackElo "1732"]
[PlyCount "59"]
[EventDate "2011.06.25"]
[EventType "swiss"]
[EventRounds "9"]
[EventCountry "GRE"]
[SourceTitle "EXT 2024"]
[Source "ChessBase"]
[SourceDate "2023.10.10"]
[SourceVersion "1"]
[SourceVersionDate "2023.10.10"]
[SourceQuality "1"]

1. e4 c5 2. Nf3 e6 3. c4 Nc6 4. Be2 g5 5. h3 h6 6. Nc3 Bg7 7. d3 Nge7 8. Nh2 Nd4 9. 0-0 Qc7 10. f4 gxf4 11. Bxf4 Be5 12. Bxe5 Qxe5 13. Bh5 Ng6 14. Ng4 Qg5 15. Nf6+ Ke7 16. Bxg6 fxg6 17. Qg4 Qxg4 18. Nxg4 d6 19. Rf2 h5 20. Nf6 b6 21. Raf1 Bb7 22. Nxh5 Rhf8 23. Nf4 Rg8 24. Nxg6+ Kd7 25. Rf7+ Ke8 26. Re7+ Kd8 27. Rxb7 Kc8 28. Rbf7 Rxg6 29. Rf8+ Kb7 30. R1f7+ 1-0

[Event "GRE-ch U14 Girls"]
[Site "Eretria"]
[Date "2011.06.26"]
[Round "3.4"]
[White "Tsolaki, Eleni"]
[Black "Pramateftaki, Aspasia"]
[Result "1/2-1/2"]
[WhiteElo "1732"]
[BlackElo "1377"]
[PlyCount "152"]
[EventDate "2011.06.25"]
[EventType "swiss"]
[EventRounds "9"]
[EventCountry "GRE"]
[SourceTitle "EXT 2024"]
[Source "ChessBase"]
[SourceDate "2023.10.10"]
[SourceVersion "1"]
[SourceVersionDate "2023.10.10"]
[SourceQuality "1"]

1. e4 c5 2. Nf3 g6 3. d4 cxd4 4. Nxd4 Nf6 5. Nc3 d6 6. f3 Bg7 7. Be3 0-0 8. Qd2 Nc6 9. 0-0-0 Nxd4 10. Bxd4 Qa5 11. Kb1 a6 12. Nd5 Qxd2 13. Nxe7+ Kh8 14. Rxd2 Re8 15. Nxc8 Raxc8 16. Bxf6 Bxf6 17. Rxd6 Red8 18. Rxd8+ Rxd8 19. Bd3 Kg7 20. Rd1 Be5 21. h3 Kh6 22. c3 Kg5 23. Kc2 Kf4 24. Rd2 h5 25. Re2 b5 26. a4 bxa4 27. Bxa6 Ra8 28. Bc4 a3 29. bxa3 Rxa3 30. Bb3 f6 31. Kb2 Ra6 32. Bd5 h4 33. Kb3 Rb6+ 34. Kc4 Kg3 35. Kc5 Rb1 36. c4 Rg1 37. Be6 Rxg2 38. Rxg2+ Kxg2 39. Bg4 f5 40. exf5 gxf5 41. Bxf5 Kxf3 42. Kd5 Bg3 43. c5 Kf4 44. Bg4 Kg5 45. c6 Bh2 46. Bd7 Bg3 47. Ke6 Kg6 48. Be8+ Kg5 49. Kd7 Kf6 50. c7 Bxc7 51. Kxc7 Kg5 52. Kd6 Kf5 53. Ke7 Kg5 54. Kf7 Kf5 55. Bd7+ Kg5 56. Ke6 Kg6 57. Ke5 Kg5 58. Kd4 Kf4 59. Bg4 Kg5 60. Kd3 Kf4 61. Kd2 Ke4 62. Ke2 Kf4 63. Kd3 Kg5 64. Ke4 Kf6 65. Kf4 Kg6 66. Bf3 Kg7 67. Kg4 Kg6 68. Kxh4 Kh6 69. Be4 Kg7 70. Kg5 Kh8 71. h4 Kg7 72. Kh5 Kh8 73. Kh6 Kg8 74. h5 Kh8 75. Kg6 Kg8 76. h6 Kh8 1/2-1/2

[Event "GRE-ch U14 Girls"]
[Site "Eretria"]
[Date "2011.06.25"]
[Round "1.2"]
[White "Tsolaki, Eleni"]
[Black "Liapi Zenebisi, Irini"]
[Result "1-0"]
[WhiteElo "1732"]
[BlackElo "1416"]
[PlyCount "95"]
[EventDate "2011.06.25"]
[EventType "swiss"]
[EventRounds "9"]
[EventCountry "GRE"]
[SourceTitle "EXT 2024"]
[Source "ChessBase"]
[SourceDate "2023.10.10"]
[SourceVersion "1"]
[SourceVersionDate "2023.10.10"]
[SourceQuality "1"]

1. e4 c5 2. Nf3 e6 3. d4 cxd4 4. Nxd4 a6 5. Nc3 Qc7 6. Be3 Nf6 7. Qd2 Bb4 8. f3 d5 9. a3 Bxc3 10. Qxc3 Qxc3+ 11. bxc3 dxe4 12. Be2 Nbd7 13. c4 0-0 14. Rb1 Rb8 15. 0-0 Re8 16. Rfe1 exf3 17. Bxf3 Ne5 18. Bf4 Nxf3+ 19. Nxf3 Ra8 20. Ne5 Rd8 21. Red1 Rxd1+ 22. Rxd1 Kf8 23. Be3 Ke8 24. c5 Nd5 25. Bf2 f6 26. Nc4 Ke7 27. Nd6 Rb8 28. Bg3 Ra8 29. c4 Ne3 30. Re1 Nc2 31. Re2 Nxa3 32. Ra2 Nb1 33. Be1 Rb8 34. Ra1 f5 35. Rxb1 Bd7 36. Bh4+ Kf8 37. Bg3 Ra8 38. Rxb7 Bc8 39. Rc7 a5 40. Rxc8+ Rxc8 41. Nxc8 a4 42. c6 a3 43. Bd6+ Ke8 44. Bxa3 Kd8 45. Na7 Kc7 46. Bb2 Kb8 47. Nb5 Kc8 48. c7 1-0

[Event "EU Union-ch U12 8th"]
[Site "Mureck"]
[Date "2010.08.07"]
[Round "4"]
[White "Tsolaki, Eleni"]
[Black "Proyer, Enno"]
[Result "0-1"]
[WhiteElo "1760"]
[BlackElo "1863"]
[PlyCount "68"]
[EventDate "2010.08.04"]
[EventType "swiss"]
[EventRounds "9"]
[EventCountry "AUT"]
[SourceTitle "CBM 138 Extra"]
[Source "ChessBase"]
[SourceDate "2010.10.29"]
[SourceVersion "1"]
[SourceVersionDate "2010.10.29"]
[SourceQuality "1"]

1. e4 c5 2. Nf3 d6 3. d4 cxd4 4. Nxd4 Nf6 5. Nc3 Nc6 6. Ndb5 a6 7. Na3 b5 8. Be3 b4 9. Nd5 bxa3 10. Bb6 axb2 11. Rb1 Nxd5 12. Bxd8 Nc3 13. Qf3 Nxb1 14. Qb3 Kxd8 15. Qb6+ Kd7 16. Qxb2 Rb8 17. Qc1 g6 18. Bd3 Nc3 19. 0-0 Bg7 20. Qf4 Ne5 21. Qd2 Rd8 22. Be2 Nxe2+ 23. Qxe2 Ke8 24. f4 Nd7 25. f5 Be5 26. Qc4 Nf6 27. fxg6 hxg6 28. h4 Be6 29. Qxa6 Bd4+ 30. Kh1 Bc5 31. Qe2 Ng4 32. Qd2 Nf2+ 33. Kh2 Nxe4 34. Qh6 Nf6 0-1

[Event "EU Union-ch U12 8th"]
[Site "Mureck"]
[Date "2010.08.06"]
[Round "3"]
[White "Aguiar, Henrique Rui Neves"]
[Black "Tsolaki, Eleni"]
[Result "0-1"]
[WhiteElo "1787"]
[BlackElo "1760"]
[PlyCount "79"]
[EventDate "2010.08.04"]
[EventType "swiss"]
[EventRounds "9"]
[EventCountry "AUT"]
[SourceTitle "CBM 138 Extra"]
[Source "ChessBase"]
[SourceDate "2010.10.29"]
[SourceVersion "1"]
[SourceVersionDate "2010.10.29"]
[SourceQuality "1"]

1. e4 c5 2. Nf3 e6 3. d3 Nc6 4. g3 g6 5. Bg2 Bg7 6. 0-0 Nge7 7. c3 0-0 8. Re1 d5 9. e5 Qc7 10. Bf4 b5 11. Nbd2 Bb7 12. h4 Rfd8 13. h5 h6 14. g4 g5 15. Bg3 b4 16. Qe2 bxc3 17. bxc3 Rab8 18. Nh2 d4 19. c4 Nb4 20. Ne4 Kh8 21. Nf6 Bxg2 22. Kxg2 Rb6 23. Kg1 Ng8 24. Rab1 Ra6 25. Rb2 Ra3 26. Rd1 Qa5 27. Ne4 Nxa2 28. Qf3 Nc3 29. Re1 Ra1 30. Qxf7 Rxe1+ 31. Kg2 Rf8 32. Qd7 Qd8 33. Qxa7 Re8 34. Nd6 Qa8+ 35. Rb7 Qxa7 36. Rxa7 Re7 37. Ra8 Ne2 38. Nf3 Rd1 39. Rc8 Nxg3 40. Kxg3 0-1

[Event "GRE-ch U12 Girls"]
[Site "Kallithea"]
[Date "2010.06.29"]
[Round "6"]
[White "Kafetzi, Angeliki"]
[Black "Tsolaki, Eleni"]
[Result "0-1"]
[WhiteElo "1596"]
[BlackElo "1752"]
[PlyCount "102"]
[EventDate "2010.06.26"]
[EventType "swiss"]
[EventRounds "9"]
[EventCountry "GRE"]
[SourceTitle "EXT 2012"]
[Source "ChessBase"]
[SourceDate "2011.11.24"]
[SourceVersion "1"]
[SourceVersionDate "2011.11.24"]
[SourceQuality "1"]

1. e4 c5 2. Nf3 e6 3. d4 cxd4 4. Nxd4 Nf6 5. Nc3 d6 6. g4 h6 7. h3 a6 8. Be3 Nbd7 9. Bg2 g5 10. Qe2 Ne5 11. f4 gxf4 12. Bxf4 Qa5 13. Nb3 Qc7 14. 0-0-0 Nfd7 15. Kb1 b5 16. Rdf1 Bb7 17. Nd1 0-0-0 18. Ne3 Kb8 19. Qe1 Rc8 20. Qa5 Qxa5 21. Nxa5 Ba8 22. Rd1 Be7 23. Rd4 Rc7 24. Rhd1 h5 25. g5 Ka7 26. h4 Kb6 27. Nb3 Rhc8 28. c3 Rc6 29. a4 Ka7 30. axb5 axb5 31. Rb4 Rb6 32. Nc2 Nc4 33. Bf1 d5 34. Bxc4 Bxb4 35. Nxb4 bxc4 36. Be3 cxb3 37. exd5 Nc5 38. d6 Be4+ 39. Kc1 Rb7 40. Bxc5+ Ka8 41. Na6 Rd7 42. Bb6 Rc6 43. Nc5 Rdxd6 44. Rxd6 Rxd6 45. Nxe4 Rxb6 46. Nf6 Rb5 47. Nxh5 Rf5 48. Nf6 Rf1+ 49. Kd2 Rf2+ 50. Kc1 Rc2+ 51. Kb1 Rh2 0-1

[Event "GRE-ch U12 Girls"]
[Site "Kallithea"]
[Date "2010.06.27"]
[Round "2"]
[White "Tsolaki, Eleni"]
[Black "Boutsiouki, Konstantina"]
[Result "1/2-1/2"]
[WhiteElo "1752"]
[BlackElo "1393"]
[PlyCount "52"]
[EventDate "2010.06.26"]
[EventType "swiss"]
[EventRounds "9"]
[EventCountry "GRE"]
[SourceTitle "EXT 2012"]
[Source "ChessBase"]
[SourceDate "2011.11.24"]
[SourceVersion "1"]
[SourceVersionDate "2011.11.24"]
[SourceQuality "1"]

1. e4 d5 2. exd5 Nf6 3. d4 Nxd5 4. Nf3 g6 5. c4 Nb6 6. Nc3 Bg7 7. c5 Nd5 8. Bc4 Nxc3 9. bxc3 Nc6 10. Bf4 0-0 11. 0-0 Bg4 12. h3 Bxf3 13. Qxf3 e5 14. dxe5 Bxe5 15. Bh6 Bg7 16. Bxg7 Kxg7 17. Bb5 Qf6 18. Qxf6+ Kxf6 19. Bxc6 bxc6 20. Rab1 Rab8 21. a4 Ke6 22. Rfd1 a5 23. c4 Ke5 24. f4+ Ke4 25. Rxb8 Rxb8 26. Rd7 Rb4 1/2-1/2

[Event "GRE-chT U16"]
[Site "Chalkida"]
[Date "2009.12.12"]
[Round "4.1"]
[White "Tsolaki, Eleni"]
[Black "Kafetzi, Angeliki"]
[Result "1-0"]
[WhiteElo "1706"]
[BlackElo "1660"]
[PlyCount "75"]
[EventDate "2009.12.11"]
[EventType "team-swiss"]
[EventRounds "5"]
[EventCountry "GRE"]
[SourceTitle "EXT 2011"]
[Source "ChessBase"]
[SourceDate "2010.11.26"]
[SourceVersion "1"]
[SourceVersionDate "2010.11.26"]
[SourceQuality "1"]
[WhiteTeam "Keravnos Oreokastrou"]
[BlackTeam "Kavalas"]
[WhiteTeamCountry "GRE"]
[BlackTeamCountry "GRE"]

1. e4 d6 2. d4 Nf6 3. Nc3 e5 4. dxe5 dxe5 5. Qxd8+ Kxd8 6. Nf3 Bd6 7. Bc4 Be6 8. Bxe6 fxe6 9. h3 Nc6 10. Be3 a6 11. 0-0-0 Ke7 12. a3 Rhf8 13. Kb1 Nb8 14. Nd2 b5 15. b4 Nbd7 16. Nb3 Nb6 17. Na5 Nc4 18. Nxc4 bxc4 19. f3 Rab8 20. Ka2 h6 21. Rd2 Rfd8 22. Rb1 c6 23. Na4 Nd7 24. Rbd1 Bc7 25. Nc5 Nxc5 26. Bxc5+ Ke8 27. Rxd8+ Rxd8 28. Rxd8+ Bxd8 29. Kb2 Be7 30. Bxe7 Kxe7 31. Kc3 Kd6 32. Kxc4 g6 33. a4 h5 34. h4 Kd7 35. Kc5 Kc7 36. a5 Kb7 37. Kd6 Kb8 38. Kxe6 1-0

[Event "GRE-chT U16"]
[Site "Chalkida"]
[Date "2009.12.11"]
[Round "2.3"]
[White "Tsolaki, Eleni"]
[Black "Markaki, Sofia"]
[Result "1/2-1/2"]
[WhiteElo "1706"]
[BlackElo "1689"]
[PlyCount "77"]
[EventDate "2009.12.11"]
[EventType "team-swiss"]
[EventRounds "5"]
[EventCountry "GRE"]
[SourceTitle "EXT 2011"]
[Source "ChessBase"]
[SourceDate "2010.11.26"]
[SourceVersion "1"]
[SourceVersionDate "2010.11.26"]
[SourceQuality "1"]
[WhiteTeam "Keravnos Oreokastrou"]
[BlackTeam "Chania"]
[WhiteTeamCountry "GRE"]
[BlackTeamCountry "GRE"]

1. e4 c5 2. Nf3 d6 3. d4 cxd4 4. Nxd4 Nf6 5. Nc3 Nc6 6. Bg5 e6 7. f4 Be7 8. Qd2 a6 9. 0-0-0 h6 10. Bh4 d5 11. exd5 Nxd5 12. Nxc6 bxc6 13. Bxe7 Qxe7 14. Bc4 Qb4 15. Nxd5 Qxd2+ 16. Rxd2 cxd5 17. Bb3 Bd7 18. f5 0-0 19. Rf1 a5 20. fxe6 fxe6 21. Rxf8+ Rxf8 22. c4 Rc8 23. Rd4 Bb5 24. a4 dxc4 25. Bc2 Be8 26. Re4 Bf7 27. Re5 Ra8 28. Rc5 Kf8 29. Rxc4 Ke7 30. Rc7+ Kf6 31. Be4 Ra6 32. Kc2 Bg6 33. Bxg6 Kxg6 34. Rc5 Kf6 35. Kd3 Ra7 36. Ke4 Ra6 37. b3 Ra8 38. Rb5 Ra7 39. Rc5 1/2-1/2